000 00525nam a2200169Ia 4500
003 IN-BaIIA
008 211028s9999 xx 000 0 eng d
040 _cIIA Library
080 _a337.3
_bGOV
110 _aIndia. Ministry of Commerce
_98086
245 0 _aImport trade control policy for the year April 1975 - March 1976
_bvol. 11
_cGovt. of India. Ministry of Commerce
260 _aDelhi
_bManager of Publications
_c1976
300 _aiv, 302p.
650 _aNASA Thesaurus
650 _aTrade control
_98087
942 _cBK
999 _c4588
_d4588